Central Library OPAC University of Rajshahi

Delinquent behavior / (Record no. 60010)

MARC details
000 -LEADER
fixed length control field 00748nam a2200253 a 4500
001 - CONTROL NUMBER
control field 60010
003 - CONTROL NUMBER IDENTIFIER
rucl marc code BD-RjUL
005 - DATE AND TIME OF LATEST TRANSACTION
control field 20211209080808.0
008 - FIXED-LENGTH DATA ELEMENTS--GENERAL INFORMATION
fixed length control field 161228s1970 njua b 001 0 eng
020 ## - INTERNATIONAL STANDARD BOOK NUMBER
International Standard Book Number 0131978977
035 ## - SYSTEM CONTROL NUMBER
System control number (BD-RjUL)60134
040 ## - CATALOGING SOURCE
Original cataloging agency DLC
Transcribing agency DLC
Modifying agency DLC
Language of cataloging eng
041 ## - LANGUAGE CODE
Language code of text/sound track or separate title eng
082 00 - DEWEY DECIMAL CLASSIFICATION NUMBER
Classification number 364.360973
Edition number 23
Author mark and year GID 1970
100 1# - MAIN ENTRY--PERSONAL NAME
Personal name Gibbons, Don C.
9 (RLIN) 178555
245 10 - TITLE STATEMENT
Title Delinquent behavior /
Statement of responsibility, etc. [by] Don C. Gibbons.
260 ## - PUBLICATION, DISTRIBUTION, ETC. (IMPRINT)
Place of publication, distribution, etc. Englewood Cliffs, N.J. :
Name of publisher, distributor, etc. Prentice-Hall,
Date of publication, distribution, etc. [1970]
300 ## - PHYSICAL DESCRIPTION
Pagination ix, 276 p. :
Illustrations ill. ;
Size 24 cm.
490 0# - SERIES STATEMENT
Series statement Prentice-Hall sociology series
504 ## - BIBLIOGRAPHY, ETC. NOTE
Bibliography, etc Bibliographical footnotes.
650 #0 - SUBJECT ADDED ENTRY--TOPICAL TERM
Topical term or geographic name as entry element Juvenile delinquency
Geographic subdivision United States.
9 (RLIN) 178556
942 ## - ADDED ENTRY ELEMENTS (KOHA)
Source of classification or shelving scheme Dewey Decimal Classification
Koha item type Books
Holdings
Lost status Source of classification or shelving scheme Damaged status Not for loan Collection code Permanent Location Current Location Shelving location Date acquired Source of acquisition Total Checkouts Full call number Date last seen Copy number Koha item type
  Dewey Decimal Classification   Not For Loan Non-fiction Central Library, University of Rajshahi Central Library, University of Rajshahi Reading Room 14/03/1977 Asia foundation   364.360973 GID 1970 28/12/2016 C-1 Books